书目信息 |
| 题名: |
围攻别斯捷尔采城
|
|
| 作者: | 米克沙特 著 ;张家章 译 | |
| 分册: | ||
| 出版信息: | 北京 外国文学出版社 1985 |
|
| 页数: | 280页 | |
| 开本: | 19cm | |
| 丛书名: | ||
| 单 册: | ||
| 中图分类: | I515.44 | |
| 科图分类: | ||
| 主题词: | 长篇小说--匈牙利--近代 | |
| 电子资源: | ||
| ISBN: | ||
| 000 | 00735nam0 2200253 45 | |
| 001 | 0185008955 | |
| 005 | 20040413091304.3 | |
| 010 | @dCNY1.50 | |
| 091 | @a10208.211 | |
| 100 | @a19951009d1985 em y0chiy0121 ea | |
| 101 | 1 | @achi@chun |
| 102 | @aCN@b110000 | |
| 105 | @ac z 000ay | |
| 106 | @ar | |
| 200 | 10 | @a围攻别斯捷尔采城@Awei gong bie si jie er cai cheng@e一个古怪人的故事@f(匈)米克沙特著@g张家章译 |
| 210 | @a北京@c外国文学出版社@d1985 | |
| 215 | @a280页@c肖像@d19cm | |
| 606 | @a长篇小说@y匈牙利@z近代 | |
| 690 | @aI515.44@v3 | |
| 701 | 1 | @a米克沙特@Ami ke sha te@4著 |
| 702 | 0 | @a张家章@Azhang jia zhang@4译 |
| 801 | 0 | @aCN@b深圳图书馆@c20040413 |
| 801 | 2 | @aCN@bNLC@c20040413 |
| 905 | @f1@b138478@dI515.44@e7 | |
| 围攻别斯捷尔采城:一个古怪人的故事/(匈)米克沙特著/张家章译.-北京:外国文学出版社,1985 |
| 280页:肖像;19cm |
| ISBN :CNY1.50 |
| ● |
| 相关链接 |
|
|
|
|
正题名:围攻别斯捷尔采城
索取号:I515.44/7
 
预约/预借
| 序号 | 登录号 | 条形码 | 馆藏地/架位号 | 状态 | 备注 |
| 1 | 0138476 | 000334944 | 第二借阅区/ [索取号:I515.44/7] | 在馆 | |
| 2 | 0138477 | 000335024 | 第二借阅区/ [索取号:I515.44/7] | 在馆 | |
| 3 | 0138478 | 000334980 | 第二借阅区/ [索取号:I515.44/7] | 在馆 | |
| 4 | 0138479 | 000334908 | 第二借阅区/ [索取号:I515.44/7] | 在馆 | |
| 5 | 0138480 | 000334702 | 第一样本阅览室/ [索取号:I515.44/7] | 在馆 |